Thought leadership meets business how business schools can become more successful
Salvato in:
| Autore principale: | |
|---|---|
| Natura: | Libro |
| Lingua: | inglese |
| Pubblicazione: |
New York
Cambridge University Press
2008
|
| Soggetti: | |
| Tags: |
Nessun Tag, puoi essere il primo ad aggiungerne!!
|
MARC
| LEADER | 00000nam$a2200000$$$4500 | ||
|---|---|---|---|
| 001 | 0106211 | ||
| 005 | 20240311125654.5 | ||
| 020 | |a 978-0-521-89722-8 | ||
| 041 | 0 | |a eng | |
| 044 | |a US | ||
| 245 | 1 | 0 | |a Thought leadership meets business |b how business schools can become more successful |c Peter Lorange |
| 264 | 1 | |a New York |b Cambridge University Press |c 2008 | |
| 300 | |a xix, 240 s. | ||
| 610 | 2 | 0 | |a vzdelanie |
| 610 | 2 | 0 | |a vzdelanie odborné |
| 610 | 2 | 0 | |a školy odborné |
| 610 | 2 | 0 | |a podnikanie |
| 610 | 2 | 0 | |a vedenie |
| 610 | 2 | 0 | |a lídri |
| 610 | 2 | 0 | |a marketing |
| 610 | 2 | 0 | |a zdroje ľudské |
| 100 | 1 | |a Lorange, Peter | |